000 01639cas a2200385u 4500
003 AUA.1
005 20250610085228.0
008 250610 eng
022 _a00265314
035 _a.b22486379
040 _cAUA
050 _aBX6102
_b.M56
222 7 _aMinistry
_beJournal Links.
245 1 0 _aMinistry:
_bInternational journal for Pastors
260 _c2024
_aSilver Spring, MD
_bSeventh-day Adventist Church
300 _a30p.
_bcol ill.;
_c27 cm
440 _vVol 96
_x00265314
_934577
_aGod's presence: The answer to loneliness in ministry
_nNo. 8
505 _aWorship: Affirming God's mission
_rN. Ashok Kumar
505 _aFinding the Decalogue in unexpected places
_rNorman H. Young
505 _aGod's presence: The answer to loneliness in ministry
_rInnocent Hatekimana Tuyishime
505 _aQualitative church growth
_rKelvin Ononcha
505 _aHebrew 4:9 : Yes, it is a key text
_rAllen Shepherd
505 _aEditorial
_rJeffrey O. Brown
505 _aRevival and reformation
_rZac Page
505 _aResources
_rGerson P. Santos
505 _aDateline
505 _aPractical Pointers
_rChristopher Findley
610 2 0 _aSeventh-day Adventists
_xClergy
_xPeriodicals.
_934578
650 0 _aPastoral theology
_xSeventh-day Adventists
_xPeriodicals.
_934579
690 _aSeventh-day Adventist publications.
_934580
700 _aPavel Goia
_eEditor
_934581
710 2 0 _aGeneral Conference of Seventh-day Adventists.
_bMinisterial Association.
_934582
856 _uhttp://www.ministrymagazine.org/archive
_zMinistry magazine
942 _2lcc
_cEGWEBO
_hBX6102
_i.M56 2024
999 _c25086
_d25086